MS Thesis:Aerodynamic Assessment of a Generic Airfoil with Active Flow ControTechnique (Record no. 533716)
[ view plain ]
| 000 -LEADER | |
|---|---|
| fixed length control field | 00424nam a22001457a 4500 |
| 003 - CONTROL NUMBER IDENTIFIER | |
| control field | NUST |
| 005 - DATE AND TIME OF LATEST TRANSACTION | |
| control field | 20200116153917.0 |
| 038 ## - RECORD CONTENT LICENSOR | |
| Staff Name | Nusrat Nadeem |
| 082 ## - DEWEY DECIMAL CLASSIFICATION NUMBER | |
| Classification number | 004 FAH |
| 100 ## - MAIN ENTRY--PERSONAL NAME | |
| Personal name | Nawaz Fahad |
| 9 (RLIN) | 27680 |
| 245 ## - TITLE STATEMENT | |
| Title | MS Thesis:Aerodynamic Assessment of a Generic Airfoil with Active Flow ControTechnique |
| Statement of responsibility, etc. | Fahad Nawaz |
| 260 ## - PUBLICATION, DISTRIBUTION, ETC. | |
| Place of publication, distribution, etc. | Islamabad |
| Name of publisher, distributor, etc. | RCMS NUST |
| Date of publication, distribution, etc. | 2019 |
| 710 ## - ADDED ENTRY--CORPORATE NAME | |
| Relator code | Dr.Adnan Maqsood [Supervisor] |
| 942 ## - ADDED ENTRY ELEMENTS (KOHA) | |
| Source of classification or shelving scheme | |
| Koha item type | Thesis |
| Withdrawn status | Lost status | Source of classification or shelving scheme | Damaged status | Not for loan | Permanent Location | Current Location | Shelving location | Date acquired | Total Checkouts | Full call number | Barcode | Date last seen | Price effective from | Koha item type |
|---|---|---|---|---|---|---|---|---|---|---|---|---|---|---|
| School of Interdisciplinary Engineering and Sciences (SINES) | School of Interdisciplinary Engineering and Sciences (SINES) | Thesis | 01/16/2020 | 004 FAH | RCMS003194 | 01/16/2020 | 01/16/2020 | Thesis |
